000 00724nam a2200289Ia 4500
005 20260324131521.0
008 008 260324s9999 xx 000 0 eng d
020 _a9781315237664
037 _aEBOOK
040 _aCRL
040 _beng
040 _cCRL
041 _2eng
041 _aeng
084 _qCRL
100 _aJames P. Huzel
_91185802
245 4 _aThe Popularization of Malthus in Early Nineteenth-Century England
245 0 _bMartineau, Cobbett and the Pauper Press
260 _bTaylor and Francis
260 _c2006
365 _a
365 _b240
856 _uhttp://www.taylorfrancis.com/books/9781315237664
942 _cEBOOK
999 _c1783039
_d1783039